| 000 | 00999nas a2200325 4500 | ||
|---|---|---|---|
| 001 | BR0400755 | ||
| 003 | BR-BrBNA | ||
| 005 | 20231205104337.0 | ||
| 007 | ta | ||
| 008 | 230509b bl.|||p| |||| 00| 00por d | ||
| 040 |
_aBR-BrBNA _bpor _cBiblioteca Nacional de Agricultura |
||
| 041 | _a(Pt) | ||
| 072 | _aL40 | ||
| 100 | 1 | _aPaula, V.V. | |
| 100 | 1 | _aMoura, C.E.B. | |
| 100 | 1 | _aFilgueira, K.D. | |
| 100 | 1 | _aCarvalho, R.C. | |
| 100 | 1 | _aCosta, W.P. | |
| 100 | 1 | _aAlbuquerque, J.F.G. | |
| 100 | 1 | _aOliveira, M.F. | |
| 100 | 1 | _aPereira, H.M. | |
| 100 | 1 | _aBatista, J.S. | |
| 245 | 1 | _aMorfologia dos órgãos genitais femininos de catetos criados em cativeiro no semi-árido nordestino | |
| 650 | _aPORCO SELVAGEM | ||
| 650 | _aMORFOLOGIA ANIMAL | ||
| 650 | _aBIOMETRIA ANIMAL | ||
| 773 | 0 |
_tRevista Brasileira de Reprodução Animal (Brazil) _xISSN 0102-0803 _g(Apr-Jun 2003), v. 27(2) p. 276-277 _wBR0400755 |
|
| 909 |
_a202311 _bLúcia _c55 _dLúcia Elande |
||
| 942 |
_2AGRIS _n0 _cANA |
||
| 999 |
_c177663 _d177663 |
||